Normal view
MARC view
- Small, Donald B
Entry Personal Name
001 - CONTROL NUMBER
- control field: 102644
003 - CONTROL NUMBER IDENTIFIER
- control field: NUST
005 - DATE AND TIME OF LATEST TRANSACTION
- control field: 20221115125750.0
008 - FIXED-LENGTH DATA ELEMENTS
- fixed length control field: 221115|| aca||aabn | a|a d
040 ## - CATALOGING SOURCE
- Original cataloging agency: NUST
- Transcribing agency: NUST
100 ## - HEADING--PERSONAL NAME
- Personal name: Small, Donald B
670 ## - SOURCE DATA FOUND
- Source citation: Work cat.: (NUST)181941: Small, Donald B., Explorations in calculus with a computer algebra system / , [1990]
